000
00301nam a2200133Ia 4500
005
20260328104247.0
008
260328s9999||||xx |||||||||||||| ||und||
100
_a
Sena
245
0
_a
Contrucciones Sismo- resistentes /
_c
Sena
260
_b
Sena
300
_a
119 p.
650
_a
MADERA
942
_c
BK
999
_c
10097
_d
10097